[Event "Bekasi Scua op 2nd"]
[Site "Bekasi"]
[Date "2022.04.15"]
[Round "5"]
[White "Setiawan, Surya"]
[Black "Theofilus, Kevin"]
[Result "1-0"]
[WhiteElo "2062"]
[BlackElo "1231"]
[PlyCount "119"]
[EventDate "2022.04.13"]
[EventType "swiss"]
[EventRounds "9"]
[EventCountry "INA"]
[SourceTitle "EXT 2023"]
[Source "ChessBase"]
[SourceDate "2022.10.05"]
[SourceVersion "1"]
[SourceVersionDate "2022.10.05"]
[SourceQuality "1"]

1. c4 e6 2. g3 d5 3. Bg2 Nf6 4. Nc3 c6 5. b3 Nbd7 6. Nf3 Be7 7. 0-0 0-0 8. Qc2 b6 9. e4 Nxe4 10. Nxe4 dxe4 11. Qxe4 Nc5 12. Qc2 Nd3 13. Bb2 Bb7 14. Ne5 Nxb2 15. Qxb2 Qc7 16. d4 Rad8 17. Rad1 Rfe8 18. Rd2 c5 19. Bxb7 Qxb7 20. dxc5 Rxd2 21. Qxd2 Rd8 22. c6 Qc7 23. Qe3 f6 24. Nf3 Qxc6 25. Nd4 Qd7 26. Nxe6 Re8 27. Nf4 Bc5 28. Qf3 Qd2 29. a4 a5 30. Rd1 Re1+ 31. Rxe1 Qxe1+ 32. Kg2 h6 33. Qd5+ Kh7 34. Nd3 Qe7 35. h4 Qc7 36. h5 Qe7 37. Nf4 Qe1 38. Qf5+ Kh8 39. Ng6+ Kg8 40. Qc8+ Kf7 41. Qd7+ Be7 42. Qxe7+ Qxe7 43. Nxe7 Kxe7 44. Kf3 Kd6 45. Ke4 Kc5 46. Kd3 f5 47. Kc3 Kc6 48. b4 Kd6 49. bxa5 bxa5 50. Kd4 Kc6 51. c5 Kc7 52. Kd5 Kd7 53. c6+ Kc7 54. Kc5 Kc8 55. Kd6 Kd8 56. c7+ Kc8 57. f3 f4 58. gxf4 Kb7 59. Kd7 Kb6 60. c8Q 1-0

[Event "Bekasi Scua op 2nd"]
[Site "Bekasi"]
[Date "2022.04.15"]
[Round "4"]
[White "Simanjuntak, Morado"]
[Black "Setiawan, Surya"]
[Result "1/2-1/2"]
[WhiteElo "1725"]
[BlackElo "2062"]
[PlyCount "83"]
[EventDate "2022.04.13"]
[EventType "swiss"]
[EventRounds "9"]
[EventCountry "INA"]
[SourceTitle "EXT 2023"]
[Source "ChessBase"]
[SourceDate "2022.10.05"]
[SourceVersion "1"]
[SourceVersionDate "2022.10.05"]
[SourceQuality "1"]

1. Nf3 e6 2. d4 c5 3. g3 Nf6 4. Bg2 Nc6 5. 0-0 d5 6. c4 dxc4 7. dxc5 Qxd1 8. Rxd1 Bxc5 9. Nc3 e5 10. Bg5 Be6 11. Nb5 Ke7 12. Nc7 Rad8 13. Nxe6 Kxe6 14. Nd2 Na5 15. Rac1 Bb6 16. b4 cxb3 17. Nxb3 Nxb3 18. axb3 Rxd1+ 19. Rxd1 Rb8 20. Bh3+ Ke7 21. Rd7+ Ke8 22. Bxf6 gxf6 23. Bf5 h6 24. Kg2 a5 25. Kf3 Bc5 26. Rc7 b6 27. e3 Bd6 28. Rc8+ Ke7 29. Rxb8 Bxb8 30. Bd3 Kd6 31. Ke4 Kc5 32. Kf5 Kb4 33. Bc2 Kc3 34. Bd1 b5 35. Kxf6 b4 36. Kxf7 e4 37. Ke6 Kd2 38. Bg4 a4 39. bxa4 b3 40. Bf5 Ke2 41. Bxe4 Kxf2 42. Kf6 1/2-1/2

[Event "Bekasi Scua op 2nd"]
[Site "Bekasi"]
[Date "2022.04.14"]
[Round "2"]
[White "Marvellino, Winata"]
[Black "Setiawan, Surya"]
[Result "1/2-1/2"]
[WhiteElo "1761"]
[BlackElo "2062"]
[PlyCount "47"]
[EventDate "2022.04.13"]
[EventType "swiss"]
[EventRounds "9"]
[EventCountry "INA"]
[SourceTitle "EXT 2023"]
[Source "ChessBase"]
[SourceDate "2022.10.05"]
[SourceVersion "1"]
[SourceVersionDate "2022.10.05"]
[SourceQuality "1"]

1. e4 e5 2. Nf3 Nc6 3. Bc4 Bc5 4. c3 Nf6 5. d4 exd4 6. cxd4 Bb4+ 7. Bd2 Bxd2+ 8. Nbxd2 d5 9. exd5 Nxd5 10. Qb3 Nce7 11. 0-0 0-0 12. Ne4 c6 13. Rfe1 Qb6 14. Qa3 Bg4 15. Ne5 Bf5 16. Nd6 Be6 17. Nexf7 Bxf7 18. Nxf7 Qxd4 19. Rxe7 Qxc4 20. Nh6+ Kh8 21. Nf7+ Kg8 22. Nh6+ Kh8 23. Nf7+ Kg8 24. Nh6+ 1/2-1/2